000 00603nam a2200193Ia 4500
005 20250507130250.0
008 008 250505s9999 xx 000 0 eng d
037 _aSeries Article
040 _aEASL
_beng
_cEASL
041 _aeng
_2eng
084 _qEASL
100 _aKingsberg Miriam
_9670169
245 0 _aMethamphetamine solution:drugs and the reconstruction of nation in postwar japan
260 _aUK
_bCambridge Association of Asian Studies (Cambridge University Press)
_c2013
300 _a141-162
650 _aAsian Studies
942 _cSRA
999 _c1318661
_d1318661